[Event "Children of Asia"]
[Site "?"]
[Date "2016.07.10"]
[Round "5"]
[White "Mestnikov, Aisen"]
[Black "Kazimov, Farhan"]
[Result "1/2-1/2"]
[WhiteElo "2135"]
[BlackElo "1831"]
[PlyCount "106"]

1. d4 Nf6 2. Nf3 g6 3. g3 Bg7 4. Bg2 d5 5. O-O O-O 6. c4 c6 7. cxd5 cxd5 8. Nc3
Nc6 9. Bf4 Bf5 10. Ne5 e6 11. Nxc6 bxc6 12. Na4 Nd7 13. Rc1 Rc8 14. b3 Re8 15.
Qd2 Qf6 16. Be3 e5 17. dxe5 Qxe5 18. Rfd1 Nf6 19. Bf3 Bg4 20. Bxa7 Qh5 21. Kg2
Qh3+ 22. Kg1 Bh6 23. Qd4 Bxf3 24. exf3 Bxc1 25. Rxc1 Qf5 26. Kg2 Nd7 27. Nb6
Nxb6 28. Bxb6 Qe5 29. Qh4 Qb2 30. Qf4 Qe5 31. Qh4 Re6 32. Bd4 Qd6 33. Rc5 Qe7
34. Qh6 f6 35. b4 Ra8 36. Qd2 g5 37. Qc3 Qd6 38. a3 Rae8 39. a4 R8e7 40. b5
cxb5 41. axb5 Kf7 42. Rc6 Qb8 43. Bxf6 Qxb5 44. Rxe6 Rxe6 45. Bxg5 d4 46. Qc7+
Kg6 47. h4 h6 48. Bf4 Re1 49. h5+ Qxh5 50. Qd6+ Kh7 51. Qd7+ Kg8 52. Qd8+ Kf7
53. Qd7+ Kf8 1/2-1/2

[Event "6round_b"]
[Site "?"]
[Date "2016.07.11"]
[Round "6.1"]
[White "Sin, Denis"]
[Black "Nguyen, Dang Hong Phuc"]
[Result "1-0"]
[BlackElo "2147"]
[WhiteElo "2214"]
[LiveChessVersion "1.4.8"]

1. d4 {[%clk 1:30:59]} Nf6 {[%clk 1:30:46]} 2. c4 {[%clk 1:31:24]} e6
{[%clk 1:31:09]} 3. Nf3 {[%clk 1:31:49]} b6 {[%clk 1:31:38]} 4. e3
{[%clk 1:32:13]} Bb7 {[%clk 1:32:00]} 5. Nc3 {[%clk 1:32:38]} Bb4
{[%clk 1:31:15]} 6. Bd3 {[%clk 1:33:03]} O-O {[%clk 1:30:52]} 7. O-O
{[%clk 1:33:28]} Bxc3 {[%clk 1:21:08]} 8. bxc3 {[%clk 1:33:53]} Ne4
{[%clk 1:21:29]} 9. Ne1 {[%clk 1:30:39]} d6 {[%clk 1:17:22]} 10. f3
{[%clk 1:30:11]} Nf6 {[%clk 1:17:45]} 11. e4 {[%clk 1:28:43]} Nbd7
{[%clk 1:00:40]} 12. a4 {[%clk 1:24:30]} c5 {[%clk 0:45:58]} 13. Be3
{[%clk 1:22:16]} Qc7 {[%clk 0:44:15]} 14. a5 {[%clk 1:11:18]} Ba6
{[%clk 0:42:03]} 15. Ra4 {[%clk 1:03:54]} bxa5 {[%clk 0:38:07]} 16. Qa1
{[%clk 0:57:27]} cxd4 {[%clk 0:31:11]} 17. cxd4 {[%clk 0:57:24]} Nb6
{[%clk 0:31:16]} 18. Rxa5 {[%clk 0:57:38]} Bxc4 {[%clk 0:31:45]} 19. Bf4
{[%clk 0:53:56]} Nfd7 {[%clk 0:21:33]} 20. Rf2 {[%clk 0:48:01]} Bxd3
{[%clk 0:21:04]} 21. Nxd3 {[%clk 0:48:26]} Nc4 {[%clk 0:21:27]} 22. Ra6
{[%clk 0:46:11]} e5 {[%clk 0:21:21]} 23. Bg3 {[%clk 0:41:54]} Rfc8
{[%clk 0:12:47]} 24. Rfa2 {[%clk 0:39:55]} Ndb6 {[%clk 0:09:10]} 25. dxe5
{[%clk 0:31:31]} dxe5 {[%clk 0:08:54]} 26. Nxe5 {[%clk 0:31:23]} Qc5+
{[%clk 0:08:54]} 27. Bf2 {[%clk 0:31:28]} Qxe5 {[%clk 0:06:38]} 28. Qxe5
{[%clk 0:31:53]} Nxe5 {[%clk 0:07:07]} 29. Bxb6 {[%clk 0:32:16]} Rab8
{[%clk 0:07:24]} 30. Bxa7 {[%clk 0:27:56]} Rb1+ {[%clk 0:01:22]} 31. Kf2
{[%clk 0:28:22]} Nd3+ {[%clk 0:01:42]} 32. Kg3 {[%clk 0:28:45]} Nb4
{[%clk 0:01:08]} 33. Rb6 {[%clk 0:27:31]} Nxa2 {[%clk 0:01:06]} 34. Rxb1
{[%clk 0:27:56]} h6 {[%clk 0:01:33]} 35. Rb2 {[%clk 0:21:36]} Nc1
{[%clk 0:01:38]} 36. Rd2 {[%clk 0:19:01]} Kh7 {[%clk 0:01:49]} 37. h4
{[%clk 0:17:48]} Rc7 {[%clk 0:02:03]} 38. Be3 {[%clk 0:18:03]} Rc3
{[%clk 0:02:08]} 39. Bf4 {[%clk 0:17:22]} Nd3 {[%clk 0:01:54]} 40. Bd6
{[%clk 0:17:41]} Kg6 {[%clk 0:02:02]} 41. Kg4 {[%clk 0:16:20]} h5+
{[%clk 0:01:12]} 42. Kh3 {[%clk 0:16:46]} Rb3 {[%clk 0:00:41]} 43. Kh2
{[%clk 0:16:34]} Kf6 {[%clk 0:00:47]} 44. Bg3 {[%clk 0:16:04]} g6
{[%clk 0:00:50]} 45. Ra2 {[%clk 0:15:31]} Nc5 {[%clk 0:00:46]} 46. Bf2
{[%clk 0:15:49]} Ne6 {[%clk 0:01:07]} 47. Bg3 {[%clk 0:15:43]} Nc5
{[%clk 0:01:14]} 48. Ra5 {[%clk 0:15:50]} Ne6 {[%clk 0:01:22]} 49. Be5+
{[%clk 0:16:11]} Ke7 {[%clk 0:01:52]} 50. Kg1 {[%clk 0:16:17]} Nd8
{[%clk 0:01:47]} 51. Bf4 {[%clk 0:16:16]} Ne6 {[%clk 0:02:09]} 52. Be5
{[%clk 0:16:28]} Nd8 {[%clk 0:01:35]} 53. Ra6 {[%clk 0:16:54]} Kd7
{[%clk 0:01:26]} 54. Kf2 {[%clk 0:16:50]} Nc6 {[%clk 0:01:17]} 55. Bf4
{[%clk 0:17:15]} Rb2+ 56. Kg3 Rb3 57. Kf2 Nd8 58. Be3 Ne6 59. f4 Rb4 60. Kf3 Ke7
61. g3 Nd4+ 1-0

[Event "6round_b"]
[Site "?"]
[Date "2016.07.11"]
[Round "6.2"]
[White "Tran, Minh Thang"]
[Black "Sezdbekov, Ruslan"]
[Result "1-0"]
[BlackElo "2043"]
[WhiteElo "2370"]
[LiveChessVersion "1.4.8"]

1. d4 {[%clk 1:30:55]} Nf6 {[%clk 1:30:45]} 2. c4 {[%clk 1:31:20]} e6
{[%clk 1:30:59]} 3. Nf3 {[%clk 1:31:45]} d5 {[%clk 1:31:21]} 4. Nc3
{[%clk 1:32:11]} Nbd7 {[%clk 1:31:39]} 5. cxd5 {[%clk 1:31:03]} exd5
{[%clk 1:32:05]} 6. Bg5 {[%clk 1:31:30]} Be7 {[%clk 1:31:30]} 7. e3
{[%clk 1:31:49]} O-O {[%clk 1:31:50]} 8. Bd3 {[%clk 1:32:02]} c6 {[%clk 1:31:49]}
9. Qc2 {[%clk 1:32:27]} Re8 {[%clk 1:32:02]} 10. O-O {[%clk 1:32:33]} h6
{[%clk 1:32:28]} 11. Bf4 {[%clk 1:31:44]} Nf8 {[%clk 1:27:48]} 12. h3
{[%clk 1:32:06]} Bd6 {[%clk 1:25:49]} 13. Bxd6 {[%clk 1:31:37]} Qxd6
{[%clk 1:25:56]} 14. Rab1 {[%clk 1:32:07]} Bd7 {[%clk 1:22:22]} 15. b4
{[%clk 1:31:58]} Rac8 {[%clk 1:20:14]} 16. Ne5 {[%clk 1:30:22]} Rxe5
{[%clk 0:56:03]} 17. dxe5 {[%clk 1:29:53]} Qxe5 {[%clk 0:55:59]} 18. Ne2
{[%clk 1:28:52]} Ne6 {[%clk 0:54:48]} 19. Ng3 {[%clk 1:26:41]} c5
{[%clk 0:53:34]} 20. bxc5 {[%clk 1:27:10]} Nxc5 {[%clk 0:53:45]} 21. Qd2
{[%clk 1:23:40]} b6 {[%clk 0:52:54]} 22. Rfd1 {[%clk 1:15:30]} h5
{[%clk 0:44:28]} 23. Bb5 {[%clk 0:51:46]} Bf5 {[%clk 0:29:35]} 24. Rbc1
{[%clk 0:50:28]} h4 {[%clk 0:23:02]} 25. Nxf5 {[%clk 0:49:48]} Qxf5
{[%clk 0:22:05]} 26. Bd3 {[%clk 0:47:18]} Qe6 {[%clk 0:21:13]} 27. Bb1
{[%clk 0:47:06]} Re8 {[%clk 0:18:10]} 28. Qd4 {[%clk 0:47:22]} g5
{[%clk 0:18:21]} 29. Rd2 {[%clk 0:43:12]} a6 {[%clk 0:14:30]} 30. Bc2
{[%clk 0:40:54]} Nce4 {[%clk 0:12:42]} 31. Bxe4 {[%clk 0:41:01]} Nxe4
{[%clk 0:13:04]} 32. Rb2 {[%clk 0:41:01]} b5 {[%clk 0:12:44]} 33. Rbc2
{[%clk 0:41:26]} Qf5 {[%clk 0:13:09]} 34. Qd3 {[%clk 0:38:11]} Re6
{[%clk 0:11:19]} 35. Rd1 {[%clk 0:38:03]} Re5 {[%clk 0:10:46]} 36. a4
{[%clk 0:30:35]} bxa4 {[%clk 0:07:11]} 37. Qxa6 {[%clk 0:31:01]} Re6
{[%clk 0:07:17]} 38. Qa8+ {[%clk 0:29:36]} Kh7 {[%clk 0:07:28]} 39. Rxd5
{[%clk 0:29:25]} Qf6 {[%clk 0:07:11]} 40. Rd4 {[%clk 0:27:06]} Qf5
{[%clk 0:06:35]} 41. Qxa4 {[%clk 0:26:59]} g4 {[%clk 0:06:20]} 42. hxg4
{[%clk 0:24:44]} Qxg4 {[%clk 0:06:37]} 43. f3 {[%clk 0:23:05]} Qg3
{[%clk 0:06:55]} 44. Re2 {[%clk 0:23:31]} Rb6 {[%clk 0:06:35]} 45. Qc2
{[%clk 0:23:06]} 1-0

[Event "6round_b"]
[Site "?"]
[Date "2016.07.11"]
[Round "6.3"]
[White "Kalabukhov, Bogdan"]
[Black "Sylyev, Nedir"]
[Result "1-0"]
[BlackElo "1855"]
[WhiteElo "2133"]
[LiveChessVersion "1.4.8"]

1. d4 {[%clk 1:19:00]} Nf6 {[%clk 1:30:52]} 2. c4 {[%clk 1:19:25]} e5
{[%clk 1:31:17]} 3. dxe5 {[%clk 1:13:17]} Ng4 {[%clk 1:31:32]} 4. Bf4
{[%clk 0:58:03]} Nc6 {[%clk 1:31:09]} 5. Nf3 {[%clk 0:56:37]} Bb4+
{[%clk 1:27:20]} 6. Nc3 {[%clk 0:56:06]} Qe7 {[%clk 1:26:03]} 7. Qd5
{[%clk 0:54:23]} d6 {[%clk 1:12:15]} 8. exd6 {[%clk 0:44:43]} cxd6
{[%clk 1:12:24]} 9. e3 {[%clk 0:44:38]} Nf6 {[%clk 1:03:52]} 10. Qd1
{[%clk 0:36:14]} Ne4 {[%clk 1:00:01]} 11. Qc2 {[%clk 0:33:57]} O-O
{[%clk 0:50:35]} 12. Bd3 {[%clk 0:32:49]} Bf5 {[%clk 0:48:42]} 13. O-O
{[%clk 0:31:05]} Bxc3 {[%clk 0:48:41]} 14. Bxe4 {[%clk 0:28:00]} Bxe4
{[%clk 0:47:30]} 15. Qxc3 {[%clk 0:28:25]} d5 {[%clk 0:42:31]} 16. Nd2
{[%clk 0:23:00]} dxc4 {[%clk 0:36:30]} 17. Qxc4 {[%clk 0:15:31]} Bf5
{[%clk 0:35:34]} 18. Nb3 {[%clk 0:11:20]} Rfd8 {[%clk 0:34:47]} 19. Rfd1
{[%clk 0:10:32]} Rac8 {[%clk 0:34:20]} 20. Qb5 {[%clk 0:05:58]} Bg6
{[%clk 0:30:49]} 21. h3 {[%clk 0:04:01]} h6 {[%clk 0:30:04]} 22. Rac1
{[%clk 0:03:34]} Rxd1+ {[%clk 0:26:59]} 23. Rxd1 {[%clk 0:03:59]} Qb4
{[%clk 0:27:22]} 24. Qxb4 {[%clk 0:01:33]} Nxb4 {[%clk 0:27:51]} 25. Rd7
{[%clk 0:01:48]} Be4 {[%clk 0:27:36]} 26. Rd4 {[%clk 0:01:51]} Nxa2
{[%clk 0:27:37]} 27. Rxe4 {[%clk 0:02:15]} Rc2 {[%clk 0:28:05]} 28. Re8+
{[%clk 0:01:45]} Kh7 {[%clk 0:28:34]} 29. Be5 {[%clk 0:02:07]} b6
{[%clk 0:28:44]} 30. Re7 {[%clk 0:02:18]} Kg6 {[%clk 0:29:03]} 31. Rxa7
{[%clk 0:02:39]} f6 {[%clk 0:29:32]} 32. Bd4 {[%clk 0:01:56]} Nb4
{[%clk 0:30:01]} 33. Rb7 {[%clk 0:02:06]} Nd3 {[%clk 0:30:20]} 34. Rxb6
{[%clk 0:02:16]} Nxf2 {[%clk 0:30:45]} 35. Na1 {[%clk 0:02:15]} Rd2
{[%clk 0:31:10]} 36. Bc3 {[%clk 0:02:37]} 1-0

[Event "6round_b"]
[Site "?"]
[Date "2016.07.11"]
[Round "6.4"]
[White "Ergeshov, Timur"]
[Black "Garidmagnai, Byambasuren"]
[Result "0-1"]
[BlackElo "2185"]
[WhiteElo "2257"]
[LiveChessVersion "1.4.8"]

1. d4 {[%clk 1:20:31]} Nf6 {[%clk 1:30:48]} 2. c4 {[%clk 1:20:55]} g6
{[%clk 1:31:13]} 3. Nc3 {[%clk 1:21:12]} Bg7 {[%clk 1:31:38]} 4. e4
{[%clk 1:21:33]} d6 {[%clk 1:32:05]} 5. Be2 {[%clk 1:21:56]} O-O {[%clk 1:32:29]}
6. Nf3 {[%clk 1:22:23]} Na6 {[%clk 1:32:56]} 7. O-O {[%clk 1:22:35]} e5
{[%clk 1:33:23]} 8. Be3 {[%clk 1:22:36]} Ng4 {[%clk 1:33:43]} 9. Bg5
{[%clk 1:22:40]} Qe8 {[%clk 1:34:08]} 10. c5 {[%clk 1:22:09]} exd4
{[%clk 1:31:19]} 11. Nd5 {[%clk 1:22:00]} f6 {[%clk 1:15:02]} 12. Bxa6
{[%clk 1:21:28]} bxa6 {[%clk 1:14:31]} 13. Nxc7 {[%clk 1:19:33]} Qd7
{[%clk 1:09:00]} 14. Nxa8 {[%clk 1:14:50]} fxg5 {[%clk 1:08:52]} 15. cxd6
{[%clk 1:12:37]} Qxd6 {[%clk 1:00:36]} 16. h3 {[%clk 1:08:38]} Ne5
{[%clk 0:53:18]} 17. Nxe5 {[%clk 0:59:34]} Bxe5 {[%clk 0:53:00]} 18. Rc1
{[%clk 0:59:23]} Qe7 {[%clk 0:51:50]} 19. Qc2 {[%clk 0:49:53]} d3
{[%clk 0:32:57]} 20. Qc5 {[%clk 0:21:14]} Bd6 {[%clk 0:30:26]} 21. Qa5
{[%clk 0:19:37]} Bb7 {[%clk 0:30:07]} 22. Nc7 {[%clk 0:19:28]} Qxe4
{[%clk 0:30:23]} 23. Qxg5 {[%clk 0:15:19]} Bf4 {[%clk 0:25:29]} 24. Qg4
{[%clk 0:15:17]} Bxc1 {[%clk 0:25:44]} 25. Rxc1 {[%clk 0:12:27]} d2
{[%clk 0:25:04]} 26. Rf1 {[%clk 0:11:18]} Qxg4 {[%clk 0:25:23]} 27. hxg4
{[%clk 0:11:39]} Rd8 {[%clk 0:25:36]} 28. Rd1 {[%clk 0:11:37]} Be4
{[%clk 0:25:58]} 29. Kf1 {[%clk 0:08:48]} Bd3+ {[%clk 0:25:48]} 0-1

[Event "6round_b"]
[Site "?"]
[Date "2016.07.11"]
[Round "6.5"]
[White "Zakharov, Nikolay A"]
[Black "Tarigan, Gilbert Elroy"]
[Result "0-1"]
[BlackElo "1914"]
[WhiteElo "2026"]
[LiveChessVersion "1.4.8"]

1. e4 {[%clk 1:30:58]} c6 {[%clk 1:30:44]} 2. d4 {[%clk 1:31:20]} g6
{[%clk 1:30:46]} 3. Nf3 {[%clk 1:24:21]} Bg7 {[%clk 1:30:20]} 4. c3
{[%clk 1:21:52]} d5 {[%clk 1:28:57]} 5. e5 {[%clk 1:21:13]} Bg4 {[%clk 1:25:10]}
6. Be2 {[%clk 1:21:16]} e6 {[%clk 1:24:12]} 7. O-O {[%clk 1:13:55]} Nd7
{[%clk 1:23:16]} 8. Nbd2 {[%clk 1:10:39]} Ne7 {[%clk 1:20:06]} 9. h3
{[%clk 1:10:28]} Bxf3 {[%clk 1:20:14]} 10. Nxf3 {[%clk 1:10:46]} O-O
{[%clk 1:16:51]} 11. Bg5 {[%clk 1:02:36]} h6 {[%clk 1:16:52]} 12. Bd2
{[%clk 1:02:35]} Qb6 {[%clk 1:16:16]} 13. Qc1 {[%clk 0:54:41]} Kh7
{[%clk 1:16:39]} 14. b4 {[%clk 0:46:39]} a5 {[%clk 1:10:45]} 15. a3
{[%clk 0:44:38]} axb4 {[%clk 1:10:40]} 16. axb4 {[%clk 0:44:34]} Ra7
{[%clk 1:10:11]} 17. Qb2 {[%clk 0:44:40]} Rfa8 {[%clk 1:10:31]} 18. Rfb1
{[%clk 0:43:21]} Qd8 {[%clk 1:09:48]} 19. Rxa7 {[%clk 0:40:59]} Rxa7
{[%clk 1:09:12]} 20. Ra1 {[%clk 0:41:19]} Qa8 {[%clk 1:09:25]} 21. Rxa7
{[%clk 0:41:35]} Qxa7 {[%clk 1:09:47]} 22. Ne1 {[%clk 0:41:31]} b6
{[%clk 1:10:01]} 23. Nc2 {[%clk 0:33:01]} c5 {[%clk 0:59:28]} 24. Na3
{[%clk 0:26:38]} c4 {[%clk 0:44:50]} 25. Nc2 {[%clk 0:23:46]} b5 {[%clk 0:43:22]}
26. Qa3 {[%clk 0:23:31]} Qb7 {[%clk 0:43:36]} 27. f4 {[%clk 0:22:45]} Nc6
{[%clk 0:39:59]} 28. Ne3 {[%clk 0:21:52]} Nb6 {[%clk 0:38:58]} 29. Bd1
{[%clk 0:21:02]} Kg8 {[%clk 0:37:47]} 30. g4 {[%clk 0:20:53]} Qc8
{[%clk 0:37:34]} 31. Bc2 {[%clk 0:20:54]} g5 {[%clk 0:18:07]} 32. f5
{[%clk 0:17:30]} f6 {[%clk 0:15:54]} 33. exf6 {[%clk 0:14:02]} Bxf6
{[%clk 0:16:15]} 34. fxe6 {[%clk 0:13:21]} Qxe6 {[%clk 0:16:37]} 35. Qa6
{[%clk 0:12:35]} Nxd4 {[%clk 0:15:18]} 36. cxd4 {[%clk 0:10:31]} Bxd4
{[%clk 0:15:42]} 37. Kf2 {[%clk 0:09:55]} c3 {[%clk 0:15:25]} 38. Bc1
{[%clk 0:08:24]} Qe5 {[%clk 0:13:15]} 39. Ke2 {[%clk 0:07:15]} Bxe3
{[%clk 0:13:22]} 40. Bxe3 {[%clk 0:07:35]} d4 {[%clk 0:13:49]} 41. Qxb6
{[%clk 0:04:46]} Qxe3+ {[%clk 0:14:10]} 42. Kf1 {[%clk 0:05:09]} Qc1+
{[%clk 0:14:24]} 43. Kf2 {[%clk 0:05:07]} Qxc2+ {[%clk 0:14:49]} 44. Kf3
{[%clk 0:05:07]} Qd3+ {[%clk 0:15:12]} 45. Kg2 {[%clk 0:04:23]} Qe4+
{[%clk 0:15:27]} 46. Kg3 {[%clk 0:03:37]} Qf4+ {[%clk 0:08:28]} 47. Kg2
{[%clk 0:04:00]} d3 {[%clk 0:06:02]} 48. Qd8+ {[%clk 0:03:45]} Kf7
{[%clk 0:06:02]} 49. Qd7+ {[%clk 0:03:58]} Kf6 {[%clk 0:05:08]} 50. Qc6+
{[%clk 0:03:43]} Ke5 {[%clk 0:04:52]} 51. Qxc3+ {[%clk 0:02:03]} Ke4
{[%clk 0:05:16]} 52. Qc6+ {[%clk 0:00:44]} Ke3 {[%clk 0:05:22]} 53. Qc1+
{[%clk 0:00:37]} d2 {[%clk 0:05:36]} 54. Qg1+ {[%clk 0:00:31]} Ke2
{[%clk 0:05:58]} 0-1

[Event "6round_b"]
[Site "?"]
[Date "2016.07.11"]
[Round "6.6"]
[White "Gasimov, Parviz"]
[Black "Bold, Khosbayar"]
[Result "1-0"]
[BlackElo "1768"]
[WhiteElo "2358"]
[LiveChessVersion "1.4.8"]

1. e4 {[%clk 1:30:57]} c5 {[%clk 1:30:54]} 2. Nf3 {[%clk 1:31:21]} d6
{[%clk 1:31:18]} 3. Bb5+ {[%clk 1:31:30]} Bd7 {[%clk 1:31:42]} 4. Bxd7+
{[%clk 1:31:46]} Nxd7 {[%clk 1:32:02]} 5. O-O {[%clk 1:31:22]} Ngf6
{[%clk 1:32:26]} 6. Qe2 {[%clk 1:31:14]} e6 {[%clk 1:32:42]} 7. b3
{[%clk 1:31:13]} Be7 {[%clk 1:32:45]} 8. Bb2 {[%clk 1:31:08]} O-O
{[%clk 1:32:39]} 9. c4 {[%clk 1:30:43]} Qc7 {[%clk 1:31:29]} 10. d4
{[%clk 1:30:08]} cxd4 {[%clk 1:29:36]} 11. Nxd4 {[%clk 1:30:26]} a6
{[%clk 1:27:07]} 12. Nc3 {[%clk 1:30:30]} Rfe8 {[%clk 1:26:36]} 13. Rad1
{[%clk 1:26:59]} Bf8 {[%clk 1:25:36]} 14. f4 {[%clk 1:21:15]} Rad8
{[%clk 1:21:54]} 15. Kh1 {[%clk 1:19:01]} Nb8 {[%clk 1:16:44]} 16. e5
{[%clk 1:10:21]} dxe5 {[%clk 1:15:30]} 17. fxe5 {[%clk 1:10:40]} Nfd7
{[%clk 1:15:45]} 18. Nf3 {[%clk 1:09:45]} Nc6 {[%clk 1:12:51]} 19. Ne4
{[%clk 1:07:00]} Nc5 {[%clk 1:10:11]} 20. Nxc5 {[%clk 1:00:37]} Rxd1
{[%clk 1:10:05]} 21. Qxd1 {[%clk 1:00:05]} Bxc5 {[%clk 1:09:51]} 22. Ng5
{[%clk 0:59:16]} Rf8 {[%clk 1:03:46]} 23. Qd3 {[%clk 0:42:46]} g6
{[%clk 1:04:10]} 24. Ne4 {[%clk 0:31:28]} Be7 {[%clk 0:55:55]} 25. Qg3
{[%clk 0:31:41]} a5 {[%clk 0:49:00]} 26. Qf4 {[%clk 0:29:49]} a4 {[%clk 0:45:10]}
27. c5 {[%clk 0:27:02]} b6 {[%clk 0:34:50]} 28. b4 {[%clk 0:22:45]} bxc5
{[%clk 0:29:01]} 29. bxc5 {[%clk 0:23:05]} a3 {[%clk 0:28:27]} 30. Bc3
{[%clk 0:22:56]} Qd8 {[%clk 0:21:25]} 31. h3 {[%clk 0:18:56]} Qd5
{[%clk 0:19:31]} 32. Rf2 {[%clk 0:14:31]} Kg7 {[%clk 0:16:01]} 33. Bd2
{[%clk 0:12:16]} Kg8 {[%clk 0:11:54]} 34. Nf6+ {[%clk 0:09:04]} Bxf6
{[%clk 0:12:11]} 35. exf6 {[%clk 0:09:33]} Kh8 {[%clk 0:09:50]} 36. Be3
{[%clk 0:06:25]} e5 {[%clk 0:08:56]} 37. Qh6 {[%clk 0:06:30]} Rg8
{[%clk 0:09:19]} 38. Rd2 {[%clk 0:06:21]} Nd4 {[%clk 0:07:22]} 39. Qg5
{[%clk 0:05:32]} Qe4 {[%clk 0:06:46]} 40. Bf2 {[%clk 0:04:25]} Rb8
{[%clk 0:05:54]} 41. Bxd4 {[%clk 0:03:40]} exd4 {[%clk 0:05:49]} 42. Qg3
{[%clk 0:03:44]} Rb1+ {[%clk 0:04:20]} 43. Kh2 {[%clk 0:04:12]} h5
{[%clk 0:04:16]} 44. Qd6 {[%clk 0:01:40]} Kh7 {[%clk 0:02:47]} 45. Qc7
{[%clk 0:00:59]} Kh6 {[%clk 0:02:14]} 46. Qd6 {[%clk 0:01:13]} Qe1
{[%clk 0:01:24]} 47. Rxd4 {[%clk 0:00:35]} Qg1+ {[%clk 0:01:15]} 48. Kg3
{[%clk 0:01:04]} Qe3+ {[%clk 0:01:08]} 49. Kh2 {[%clk 0:01:32]} Qg1+
{[%clk 0:01:20]} 50. Kg3 {[%clk 0:01:53]} Qe1+ {[%clk 0:01:45]} 51. Kh2
{[%clk 0:01:56]} Qh1+ {[%clk 0:00:47]} 52. Kg3 {[%clk 0:02:24]} Qe1+
{[%clk 0:00:49]} 53. Kh2 {[%clk 0:02:39]} h4 {[%clk 0:00:37]} 54. Qf8+
{[%clk 0:02:00]} Kg5 {[%clk 0:01:04]} 55. Rd5+ {[%clk 0:02:10]} Kxf6
{[%clk 0:01:22]} 56. Qh8+ {[%clk 0:01:47]} Ke6 {[%clk 0:01:37]} 57. Rd6+
{[%clk 0:02:01]} Kf5 {[%clk 0:02:00]} 58. Qf6+ {[%clk 0:02:17]} Ke4
{[%clk 0:02:06]} 59. Rd4+ {[%clk 0:02:35]} Ke3 {[%clk 0:02:32]} 60. Qe5+
{[%clk 0:02:44]} Kf2 {[%clk 0:02:56]} 61. Rf4# {[%clk 0:03:06]} 1-0

[Event "Children of Asia"]
[Site "?"]
[Date "2016.07.11"]
[Round "6"]
[White "Kazimov, Farhan"]
[Black "Arfan, Aditya Bagus"]
[Result "1-0"]
[WhiteElo "1831"]
[BlackElo "1398"]
[PlyCount "121"]
[SourceDate "2016.07.11"]

1. e4 c6 2. d4 d5 3. Nc3 dxe4 4. Nxe4 Nd7 5. Bc4 Ngf6 6. Ng5 e6 7. Qe2 Nb6 8.
Bb3 h6 9. N5f3 Qc7 10. Ne5 Bd6 11. Ngf3 c5 12. dxc5 Bxc5 13. Be3 Bxe3 14. Qxe3
Nbd5 15. Bxd5 Nxd5 16. Qa3 Qe7 17. Qxe7+ Nxe7 18. O-O-O O-O 19. Rhe1 b5 20. Nd4
a6 21. Nb3 Ra7 22. f3 Rc7 23. Rd6 f6 24. Nd3 e5 25. Nb4 Nf5 26. Rb6 Nh4 27. Re2
Ra7 28. Na5 Re8 29. Nac6 Rc7 30. Nxa6 Bxa6 31. Rxa6 Re6 32. Nb4 Re8 33. Rb6 Rc5
34. Na6 Rc4 35. Rxb5 Re6 36. Rb4 Rcc6 37. Nb8 Rc7 38. Rxh4 Rb6 39. a4 Rxb8 40.
a5 Ra7 41. Ra4 Rd8 42. Rd2 Rda8 43. b4 Kf7 44. c4 Ke7 45. Kb2 g5 46. Kc3 f5 47.
c5 Rd7 48. Rxd7+ Kxd7 49. b5 Kc7 50. a6 h5 51. b6+ Kc6 52. a7 g4 53. Rb4 Kb7
54. c6+ Kxc6 55. b7 Rxa7 56. b8=Q Ra3+ 57. Kb2 Rxf3 58. gxf3 g3 59. Rb6+ Kd5
60. Qd6+ Kc4 61. Rb4# 1-0

[Event "Children of Asia"]
[Site "?"]
[Date "2016.07.11"]
[Round "6"]
[White "Herath, Nipuna B B"]
[Black "Mohammed, Noor Rilwan"]
[Result "1-0"]
[WhiteElo "1602"]
[BlackElo "1252"]
[PlyCount "161"]

1. d4 Nf6 2. Nf3 g6 3. Bf4 Bg7 4. e3 O-O 5. Be2 d5 6. Nbd2 Nh5 7. Bg5 Re8 8.
Bh4 Bg4 9. h3 Bxf3 10. Bxf3 Nf6 11. c4 e6 12. Qb3 c6 13. Qxb7 Qb6 14. Qxb6 axb6
15. O-O Nbd7 16. Bg3 Ra7 17. Rfc1 c5 18. Be5 Nxe5 19. dxe5 Nd7 20. cxd5 Nxe5
21. Rc2 Nxf3+ 22. Nxf3 exd5 23. Rd2 Rd8 24. a3 d4 25. Rad1 Rad7 26. b3 f5 27.
a4 Kf7 28. Ng5+ Ke7 29. exd4 Bxd4 30. Kf1 h6 31. Re2+ Kf6 32. Ne6 Be5 33. Rde1
Bc3 34. Nxd8 Bxe1 35. Re6+ Kg7 36. Kxe1 Rxd8 37. Rxb6 Rc8 38. a5 c4 39. bxc4
Rxc4 40. Rb7+ Kf6 41. g3 Ra4 42. Ra7 h5 43. a6 f4 44. gxf4 Rxf4 45. Ra8 Kg5 46.
Kf1 Ra4 47. Kg2 Ra2 48. a7 Kh4 49. Rg8 Rxa7 50. Rxg6 Ra2 51. Rc6 Ra4 52. Re6
Rb4 53. Re5 Ra4 54. Re2 Rb4 55. Re1 Ra4 56. Kf3 Rb4 57. Kg2 Ra4 58. Re3 Rb4 59.
Ra3 Rc4 60. Ra2 Rb4 61. Re2 Ra4 62. f3 Rf4 63. Re4 Kg5 64. Rxf4 Kxf4 65. h4 Kf5
66. Kf1 Kg6 67. Kf2 Kf5 68. Ke3 Ke5 69. f4+ Kf5 70. Kf3 Kf6 71. Ke4 Ke6 72. f5+
Kf6 73. Kf4 Kf7 74. Kg5 Kg7 75. Kxh5 Kh7 76. f6 Kh8 77. Kg6 Kg8 78. h5 Kh8 79.
h6 Kg8 80. f7+ Kf8 81. h7 1-0

[Event "Children of Asia"]
[Site "?"]
[Date "2016.07.11"]
[Round "6"]
[White "Sin, Denis"]
[Black "Nguyen, Dang Hong Thang"]
[Result "1-0"]
[WhiteElo "2214"]
[BlackElo "2147"]
[PlyCount "111"]

1. d4 Nf6 2. c4 e6 3. Nf3 b6 4. e3 Bb7 5. Nc3 Bb4 6. Bd3 O-O 7. O-O Bxc3 8.
bxc3 Ne4 9. Ne1 d6 10. f3 Nf6 11. e4 Nbd7 12. a4 c5 13. Be3 Qc7 14. a5 Ba6 15.
Ra4 bxa5 16. Qa1 cxd4 17. cxd4 Nb6 18. Rxa5 Bxc4 19. Bf4 Nfd7 20. Rf2 Bxd3 21.
Nxd3 Nc4 22. Ra6 e5 23. Bg3 Rfc8 24. Rfa2 Ndb6 25. dxe5 dxe5 26. Nxe5 Qc5+ 27.
Bf2 Qxe5 28. Qxe5 Nxe5 29. Bxb6 Rab8 30. Bxa7 Rb1+ 31. Kf2 Nd3+ 32. Kg3 Nb4 33.
Rb6 Nxa2 34. Rxb1 h6 35. Rb2 Nc1 36. Rd2 Kh7 37. h4 Rc7 38. Be3 Rc3 39. Bf4 Nd3
40. Bd6 Kg6 41. Kg4 h5+ 42. Kh3 Rb3 43. Kh2 Kf6 44. Bg3 g6 45. Ra2 Nc5 46. Bf2
Ne6 47. Bg3 Nc5 48. Ra5 Ne6 49. Be5+ Ke7 50. Kg1 Nd8 51. Bf4 Ne6 52. Be5 Nd8
53. Ra6 Kd7 54. Kf2 Nc6 55. Bf4 Nd4 56. Rd6+ 1-0

[Event "Children of Asia"]
[Site "?"]
[Date "2016.07.11"]
[Round "6"]
[White "Kaluarachchu, Achinthya Shamen"]
[Black "Miciano, John Marvin"]
[Result "0-1"]
[WhiteElo "1876"]
[BlackElo "2251"]
[PlyCount "108"]

1. d4 Nf6 2. c4 g6 3. Nc3 Bg7 4. e4 O-O 5. Nf3 d6 6. Be2 e5 7. O-O Nc6 8. d5
Ne7 9. b4 Nh5 10. g3 f5 11. Ng5 Nf6 12. f3 f4 13. Kg2 Ne8 14. Ne6 Bxe6 15. dxe6
Qc8 16. Nd5 Qxe6 17. Nxe7+ Qxe7 18. Qd5+ Kh8 19. Qxb7 Nf6 20. g4 a5 21. Qc6
axb4 22. Bd2 Rab8 23. Rab1 Rb6 24. Qa4 c5 25. a3 Qf7 26. Rb3 Qb7 27. axb4 Nxe4
28. fxe4 Qxe4+ 29. Bf3 Qxc4 30. Rc1 Qe6 31. Rd3 c4 32. Qa5 cxd3 33. Qxb6 Qa2
34. Rd1 d5 35. Qe6 Rd8 36. Qe7 Ra8 37. Kh1 e4 38. Bxe4 dxe4 39. Qxe4 Rf8 40.
Bxf4 Qe2 41. Qxd3 Qxd3 42. Rxd3 Rxf4 43. h3 Bf6 44. b5 Rb4 45. Rd5 g5 46. Kg2
Rb3 47. Rd6 Kg7 48. Rd7+ Kg6 49. Rd5 h5 50. gxh5+ Kxh5 51. Rc5 Bd4 52. Rd5 Be3
53. Re5 Bf4 54. Re7 Rg3+ 0-1

[Event "Children of Asia"]
[Site "?"]
[Date "2016.07.11"]
[Round "6"]
[White "Mestnikov, Aital"]
[Black "Dubinin, Alexsandr"]
[Result "1-0"]
[WhiteElo "2125"]
[BlackElo "2121"]
[PlyCount "81"]

1. d4 Nf6 2. c4 g6 3. Nc3 Bg7 4. e4 d6 5. h3 O-O 6. Nf3 e5 7. d5 a5 8. g4 Na6
9. Be3 Nd7 10. Nd2 f5 11. gxf5 gxf5 12. exf5 Ndc5 13. f6 Qxf6 14. Nde4 Qg6 15.
f3 Bf5 16. Rg1 Qh5 17. Rg5 Qh4+ 18. Kd2 Rf7 19. Bf2 Qf4+ 20. Be3 Qh4 21. Ng3
Raf8 22. Nxf5 Rxf5 23. Rg4 Qf6 24. Be2 h5 25. Rg3 e4 26. fxe4 Re5 27. Rf3 Qe7
28. Rxf8+ Qxf8 29. Qh1 Bh6 30. Qf3 Qg7 31. Bxh6 Qxh6+ 32. Qe3 Qh7 33. Rg1+ Kf8
34. Qf4+ Ke8 35. Qf6 Nd7 36. Qg6+ Qxg6 37. Rxg6 Kf7 38. Rg2 Nac5 39. Ke3 Nf6
40. Bf3 c6 41. h4 1-0